| 000 | 00659pam a2200253 a 4500 | ||
|---|---|---|---|
| 001 | 4453128 | ||
| 003 | OSt | ||
| 005 | 20250417133659.0 | ||
| 008 | 950817s1996 nyua 001 0 eng | ||
| 010 | _a 95038583 | ||
| 020 | _a9780471134473 (pbk. : alk. paper) | ||
| 040 |
_aDLC _cDLC _dDLC _dKCST |
||
| 050 | 0 | 0 |
_aQC23 _b.K74 1996 |
| 082 | 0 | 0 |
_a530 _220 |
| 100 | 1 |
_aKuhn, Karl F. _91 |
|
| 245 | 1 | 0 |
_aBasic physics / _cKarl F. Kuhn. |
| 250 | _a2nd ed. | ||
| 260 |
_aNew York : _bJ. Wiley, _cc1996. |
||
| 300 |
_axii, 301 p. : _bill. ; _c24 cm. |
||
| 440 | 2 |
_aA self-teaching guide _92 |
|
| 500 | _aIncludes index. | ||
| 650 | 0 |
_aPhysics. _93 |
|
| 942 |
_2ddc _cBK |
||
| 999 |
_c17 _d17 |
||